000 00703nam a2200265Ia 4500
003 OSt
005 20221007063606.0
006 a|||||r|||| 00| 0
007 ta
008 221006b |||||||| |||| 00| 0 eng d
024 _a4,849
037 _cTextual
040 _aFLL
_cFLL
_beng
041 _2eng
_aeng
082 _aZ2:83, k1
100 _aBasu M.N. Au.
_9684535
245 0 _aCourt fees act
250 _a9th
260 _aCalcutta
_bEastern law house India
_c1961
300 _alxxiv,1091p
_ccm.
650 _aCourt fees
700 _a Mitra Shambhudas Au.
_9684536
942 _hZ2:83, k1
_cTEXL
_2CC
999 _c1131622
_d1131622